Llwytho...

Errors of observations and their treatment

Manylion Llyfryddiaeth
Prif Awdur: Topping, J
Fformat: Printed Book
Cyhoeddwyd: Chapman & Hall Ltd., London 1978
Rhifyn:3
Pynciau:
LEADER 00524nam a2200193 4500
020 |c P2.25 
082 |a 500.2 TOP-E3 
100 |a Topping, J 
245 |a Errors of observations and their treatment 
250 |a 3 
260 |a Chapman & Hall Ltd., London  |c 1978 
300 |a 119 
490
500
590 |a VMV  |c P2.25 
650 |a Physical sciences 
942 |c BK 
999 |c 81001  |d 81001 
952 |0 0  |1 0  |4 0  |6 500_200000000000000_TOPE3  |7 0  |9 94469  |a PHY  |b PHY  |g 0.00  |l 0  |o 500.2 TOP-E3  |p PHY02682  |r 2019-09-24  |w 2019-09-24  |y BK